[Event "Deutsche Ländermeisterschaft 2025"]
[Site "Oer-Erkenschwick GER"]
[Date "2025.10.04"]
[Round "6"]
[White "Eilenberg, Jonas"]
[Black "Sydykov, Bayastan"]
[Result "1/2-1/2"]
[Termination "normal"]
[Board "4.1"]
[WhiteTitle "FM"]
[BlackTitle "FM"]
[WhiteElo "2346"]
[BlackElo "2357"]
[WhiteClock "00:07:59"]
[BlackClock "00:03:22"]
[WhiteTeam "Berlin"]
[BlackTeam "Baden"]
[PlyCount "60"]
[WhiteFideId "16204271"]
[BlackFideId "13829610"]
[EventCountry "GER"]
[EventRounds "7"]
[EventType "team-swiss"]
[EventDate "2025.09.30"]

1. e4 {[%clk 01:30:57]} {[%emt 00:00:02]} e6 {[%clk 01:30:55]} {[%emt
00:00:07]} 2. d4 {[%clk 01:31:20]} {[%emt 00:00:06]} d5 {[%clk 01:31:22]}
{[%emt 00:00:03]} 3. Nc3 {[%clk 01:31:42]} {[%emt 00:00:07]} Nf6 {[%clk
01:31:48]} {[%emt 00:00:05]} 4. Bg5 {[%clk 01:32:08]} {[%emt 00:00:04]} Bb4
{[%clk 01:31:30]} {[%emt 00:00:48]} 5. e5 {[%clk 01:32:27]} {[%emt 00:00:11]}
h6 {[%clk 01:31:57]} {[%emt 00:00:04]} 6. Bd2 {[%clk 01:32:50]} {[%emt
00:00:07]} Bxc3 {[%clk 01:32:22]} {[%emt 00:00:05]} 7. bxc3 {[%clk 01:33:15]}
{[%emt 00:00:04]} Ne4 {[%clk 01:32:49]} {[%emt 00:00:03]} 8. Bc1 {[%clk
01:33:39]} {[%emt 00:00:06]} Nxc3 {[%clk 01:27:45]} {[%emt 00:05:34]} 9. Qg4
{[%clk 01:34:00]} {[%emt 00:00:09]} g6 {[%clk 01:27:14]} {[%emt 00:01:01]} 10.
Ne2 {[%clk 01:34:17]} {[%emt 00:00:12]} Nxe2 {[%clk 01:25:24]} {[%emt
00:02:20]} 11. Bxe2 {[%clk 01:34:41]} {[%emt 00:00:06]} b6 {[%clk 01:16:24]}
{[%emt 00:09:31]} 12. h4 {[%clk 01:35:05]} {[%emt 00:00:06]} Ba6 {[%clk
01:10:48]} {[%emt 00:06:06]} 13. h5 {[%clk 01:35:11]} {[%emt 00:00:24]} g5
{[%clk 01:06:12]} {[%emt 00:05:07]} 14. Bxa6 {[%clk 01:34:15]} {[%emt
00:01:25]} Nxa6 {[%clk 01:06:29]} {[%emt 00:00:12]} 15. f4 {[%clk 01:34:42]}
{[%emt 00:00:03]} Nb4 {[%clk 00:43:44]} {[%emt 00:23:15]} 16. O-O {[%clk
01:15:16]} {[%emt 00:19:56]} Nxc2 {[%clk 00:17:13]} {[%emt 00:27:02]} 17. fxg5
{[%clk 01:08:30]} {[%emt 00:07:15]} hxg5 {[%clk 00:09:11]} {[%emt 00:08:33]}
18. Rb1 {[%clk 01:07:22]} {[%emt 00:01:37]} Qe7 {[%clk 00:07:59]} {[%emt
00:01:42]} 19. Rb2 {[%clk 00:58:39]} {[%emt 00:09:14]} Na3 {[%clk 00:07:09]}
{[%emt 00:01:20]} 20. Bxg5 {[%clk 00:56:45]} {[%emt 00:02:23]} Qf8 {[%clk
00:06:26]} {[%emt 00:01:14]} 21. Rbf2 {[%clk 00:55:42]} {[%emt 00:01:33]} f5
{[%clk 00:06:48]} {[%emt 00:00:08]} 22. exf6 {[%clk 00:55:27]} {[%emt
00:00:45]} Qf7 {[%clk 00:07:04]} {[%emt 00:00:14]} 23. Re2 {[%clk 00:38:09]}
{[%emt 00:18:20]} Kd7 {[%clk 00:07:54]} {[%emt 00:00:09]} 24. Re5 {[%clk
00:26:32]} {[%emt 00:12:06]} c6 {[%clk 00:07:58]} {[%emt 00:00:26]} 25. Rfe1
{[%clk 00:26:12]} {[%emt 00:00:50]} Rae8 {[%clk 00:07:57]} {[%emt 00:00:31]}
26. Bf4 {[%clk 00:22:39]} {[%emt 00:04:03]} Qxf6 {[%clk 00:06:31]} {[%emt
00:01:57]} 27. Bg5 {[%clk 00:17:37]} {[%emt 00:05:32]} Qf7 {[%clk 00:06:34]}
{[%emt 00:00:26]} 28. Bc1 {[%clk 00:10:35]} {[%emt 00:07:32]} Rhg8 {[%clk
00:05:48]} {[%emt 00:01:17]} 29. Rg5 {[%clk 00:08:31]} {[%emt 00:02:33]} Rxg5
{[%clk 00:04:23]} {[%emt 00:01:55]} 30. Qxg5 {[%clk 00:07:59]} {[%emt
00:01:02]} Rg8 {[%clk 00:03:22]} {[%emt 00:01:31]} 1/2-1/2

[Event "Deutsche Ländermeisterschaft 2025"]
[Site "Oer-Erkenschwick GER"]
[Date "2025.10.04"]
[Round "6"]
[White "Semling, Julius"]
[Black "Jahnz, Laurin"]
[Result "1-0"]
[Termination "normal"]
[Board "4.2"]
[BlackTitle "CM"]
[WhiteElo "2251"]
[BlackElo "2220"]
[WhiteClock "00:38:24"]
[BlackClock "00:30:11"]
[WhiteTeam "Baden"]
[BlackTeam "Berlin"]
[PlyCount "43"]
[WhiteFideId "16290160"]
[BlackFideId "16261089"]
[EventCountry "GER"]
[EventRounds "7"]
[EventType "team-swiss"]
[EventDate "2025.09.30"]

1. e4 {[%clk 01:30:58]} {[%emt 00:00:02]} c6 {[%clk 01:30:56]} {[%emt
00:00:05]} 2. d4 {[%clk 01:31:10]} {[%emt 00:00:18]} d5 {[%clk 01:31:23]}
{[%emt 00:00:04]} 3. exd5 {[%clk 01:31:21]} {[%emt 00:00:18]} cxd5 {[%clk
01:31:49]} {[%emt 00:00:04]} 4. Nf3 {[%clk 01:31:38]} {[%emt 00:00:14]} Nf6
{[%clk 01:32:11]} {[%emt 00:00:08]} 5. Ne5 {[%clk 01:30:19]} {[%emt 00:01:49]}
Nc6 {[%clk 01:32:22]} {[%emt 00:00:19]} 6. c3 {[%clk 01:29:38]} {[%emt
00:01:10]} e6 {[%clk 01:25:30]} {[%emt 00:07:22]} 7. Nd2 {[%clk 01:28:26]}
{[%emt 00:01:42]} Bd6 {[%clk 01:20:46]} {[%emt 00:05:14]} 8. f4 {[%clk
01:27:30]} {[%emt 00:01:27]} O-O {[%clk 01:12:09]} {[%emt 00:09:06]} 9. Bd3
{[%clk 01:26:24]} {[%emt 00:01:36]} Ne7 {[%clk 01:06:02]} {[%emt 00:06:37]} 10.
O-O {[%clk 01:24:18]} {[%emt 00:02:36]} Re8 {[%clk 00:58:32]} {[%emt 00:08:01]}
11. Qf3 {[%clk 01:09:03]} {[%emt 00:15:45]} Ng6 {[%clk 00:56:31]} {[%emt
00:02:30]} 12. Qh3 {[%clk 01:05:55]} {[%emt 00:03:37]} Nd7 {[%clk 00:42:48]}
{[%emt 00:14:15]} 13. Ndf3 {[%clk 00:55:45]} {[%emt 00:10:39]} Be7 {[%clk
00:33:51]} {[%emt 00:09:28]} 14. Nxf7 {[%clk 00:44:30]} {[%emt 00:11:43]} Kxf7
{[%clk 00:29:45]} {[%emt 00:04:36]} 15. Qxh7 {[%clk 00:41:01]} {[%emt
00:03:59]} Ngf8 {[%clk 00:29:09]} {[%emt 00:01:06]} 16. Ne5+ {[%clk 00:39:31]}
{[%emt 00:02:01]} Nxe5 {[%clk 00:29:35]} {[%emt 00:00:04]} 17. fxe5+ {[%clk
00:39:52]} {[%emt 00:00:09]} Bf6 {[%clk 00:30:04]} {[%emt 00:00:02]} 18. Qh5+
{[%clk 00:39:33]} {[%emt 00:00:47]} Ke7 {[%clk 00:29:23]} {[%emt 00:01:11]} 19.
exf6+ {[%clk 00:39:11]} {[%emt 00:00:53]} gxf6 {[%clk 00:29:52]} 20. Rxf6
{[%clk 00:38:49]} {[%emt 00:00:53]} Nd7 {[%clk 00:29:45]} {[%emt 00:00:37]} 21.
Qf7+ {[%clk 00:38:04]} {[%emt 00:01:15]} Kd6 {[%clk 00:30:11]} {[%emt
00:00:04]} 22. Bf4+ {[%clk 00:38:24]} {[%emt 00:00:10]} 1-0

[Event "Deutsche Ländermeisterschaft 2025"]
[Site "Oer-Erkenschwick GER"]
[Date "2025.10.04"]
[Round "6"]
[White "Held, Momme Fredrik"]
[Black "Semling, Johannes"]
[Result "0-1"]
[Termination "normal"]
[Board "4.3"]
[WhiteElo "2081"]
[BlackElo "2215"]
[WhiteClock "00:29:46"]
[BlackClock "00:03:39"]
[WhiteTeam "Berlin"]
[BlackTeam "Baden"]
[PlyCount "104"]
[WhiteFideId "16237692"]
[BlackFideId "16290151"]
[EventCountry "GER"]
[EventRounds "7"]
[EventType "team-swiss"]
[EventDate "2025.09.30"]

1. c4 {[%clk 01:30:58]} {[%emt 00:00:01]} e5 {[%clk 01:30:55]} {[%emt
00:00:05]} 2. g3 {[%clk 01:31:23]} {[%emt 00:00:05]} c6 {[%clk 01:31:07]}
{[%emt 00:00:17]} 3. d4 {[%clk 01:31:38]} {[%emt 00:00:16]} e4 {[%clk
01:31:30]} {[%emt 00:00:07]} 4. a3 {[%clk 01:31:55]} {[%emt 00:00:12]} d5
{[%clk 01:31:22]} {[%emt 00:00:38]} 5. Nc3 {[%clk 01:31:53]} {[%emt 00:00:32]}
Be7 {[%clk 01:30:55]} {[%emt 00:00:57]} 6. Bg2 {[%clk 01:30:40]} {[%emt
00:01:43]} Nf6 {[%clk 01:27:42]} {[%emt 00:03:44]} 7. Bg5 {[%clk 01:26:58]}
{[%emt 00:04:12]} Nbd7 {[%clk 01:24:05]} {[%emt 00:04:06]} 8. cxd5 {[%clk
01:24:54]} {[%emt 00:02:35]} cxd5 {[%clk 01:24:24]} {[%emt 00:00:11]} 9. e3
{[%clk 01:18:54]} {[%emt 00:06:30]} O-O {[%clk 01:18:12]} {[%emt 00:06:41]} 10.
Nge2 {[%clk 01:18:46]} {[%emt 00:00:39]} h6 {[%clk 01:17:00]} {[%emt 00:01:42]}
11. Bxf6 {[%clk 01:19:09]} {[%emt 00:00:07]} Nxf6 {[%clk 01:17:23]} {[%emt
00:00:07]} 12. Qb3 {[%clk 01:19:00]} {[%emt 00:00:39]} b6 {[%clk 01:08:22]}
{[%emt 00:09:30]} 13. Nf4 {[%clk 01:04:47]} {[%emt 00:14:44]} Bb7 {[%clk
01:08:22]} {[%emt 00:00:28]} 14. h4 {[%clk 01:04:31]} {[%emt 00:00:48]} Bd6
{[%clk 01:03:40]} {[%emt 00:05:10]} 15. Nfxd5 {[%clk 00:48:18]} {[%emt
00:16:46]} Bxd5 {[%clk 00:56:05]} {[%emt 00:08:04]} 16. Nxd5 {[%clk 00:48:43]}
{[%emt 00:00:05]} Nxd5 {[%clk 00:56:27]} {[%emt 00:00:07]} 17. Bxe4 {[%clk
00:49:09]} {[%emt 00:00:04]} Nf6 {[%clk 00:55:31]} {[%emt 00:01:25]} 18. Bxa8
{[%clk 00:49:35]} {[%emt 00:00:05]} Qxa8 {[%clk 00:55:54]} {[%emt 00:00:07]}
19. O-O-O {[%clk 00:49:32]} {[%emt 00:00:33]} Rc8+ {[%clk 00:38:50]} {[%emt
00:17:34]} 20. Kb1 {[%clk 00:49:56]} {[%emt 00:00:06]} Qf3 {[%clk 00:39:04]}
{[%emt 00:00:14]} 21. Rc1 {[%clk 00:43:29]} {[%emt 00:06:59]} Rb8 {[%clk
00:30:29]} {[%emt 00:09:05]} 22. Rhf1 {[%clk 00:42:09]} {[%emt 00:01:50]} Ne4
{[%clk 00:27:54]} {[%emt 00:03:05]} 23. Qc2 {[%clk 00:37:11]} {[%emt 00:05:28]}
b5 {[%clk 00:25:29]} {[%emt 00:02:55]} 24. Ka1 {[%clk 00:32:46]} {[%emt
00:04:56]} a5 {[%clk 00:20:25]} {[%emt 00:05:33]} 25. Qd1 {[%clk 00:31:44]}
{[%emt 00:01:33]} Qxd1 {[%clk 00:11:31]} {[%emt 00:09:24]} 26. Rcxd1 {[%clk
00:32:07]} {[%emt 00:00:06]} b4 {[%clk 00:11:40]} {[%emt 00:00:21]} 27. Rd3
{[%clk 00:29:05]} {[%emt 00:03:32]} f5 {[%clk 00:07:27]} {[%emt 00:04:44]} 28.
f3 {[%clk 00:23:44]} {[%emt 00:05:52]} Nf6 {[%clk 00:06:12]} {[%emt 00:01:45]}
29. g4 {[%clk 00:23:06]} {[%emt 00:01:07]} fxg4 {[%clk 00:05:20]} {[%emt
00:01:23]} 30. e4 {[%clk 00:23:32]} {[%emt 00:00:04]} Be7 {[%clk 00:03:31]}
{[%emt 00:02:18]} 31. fxg4 {[%clk 00:17:25]} {[%emt 00:06:38]} Nxe4 {[%clk
00:03:11]} {[%emt 00:00:50]} 32. Re3 {[%clk 00:17:44]} {[%emt 00:00:11]} Nd2
{[%clk 00:03:22]} {[%emt 00:00:17]} 33. Rf2 {[%clk 00:17:31]} {[%emt 00:00:46]}
Bxh4 {[%clk 00:03:32]} {[%emt 00:00:21]} 34. Rxd2 {[%clk 00:17:56]} {[%emt
00:00:04]} Bg5 {[%clk 00:03:59]} {[%emt 00:00:03]} 35. Red3 {[%clk 00:17:15]}
{[%emt 00:01:11]} Bxd2 {[%clk 00:04:22]} {[%emt 00:00:07]} 36. Rxd2 {[%clk
00:17:42]} {[%emt 00:00:04]} bxa3 {[%clk 00:01:50]} {[%emt 00:03:02]} 37. bxa3
{[%clk 00:18:07]} Kf7 {[%clk 00:02:16]} {[%emt 00:00:08]} 38. Re2 {[%clk
00:15:51]} Rb3 {[%clk 00:01:30]} {[%emt 00:04:02]} 39. Ka2 {[%clk 00:16:16]}
Rd3 {[%clk 00:01:30]} 40. Re4 {[%clk 00:16:16]} Kf6 {[%clk 00:01:30]} 41. a4
{[%clk 00:16:16]} Kg5 {[%clk 00:01:30]} 42. Kb2 {[%clk 00:16:16]} Rg3 {[%clk
00:01:30]} 43. d5 {[%clk 00:16:16]} Rd3 {[%clk 00:01:30]} 44. Re5+ {[%clk
00:16:16]} Kf4 {[%clk 00:01:30]} 45. Re7 {[%clk 00:16:16]} g5 {[%clk 00:01:30]}
46. Re6 {[%clk 00:16:16]} Rxd5 {[%clk 00:01:30]} 47. Rxh6 {[%clk 00:16:16]}
Kxg4 {[%clk 00:02:52]} {[%emt 00:51:40]} 48. Rb6 {[%clk 00:30:25]} {[%emt
00:01:55]} Kf4 {[%clk 00:03:07]} {[%emt 00:00:13]} 49. Kc3 {[%clk 00:30:31]}
{[%emt 00:00:24]} g4 {[%clk 00:03:26]} {[%emt 00:00:12]} 50. Kc4 {[%clk
00:30:04]} {[%emt 00:00:57]} Rg5 {[%clk 00:03:13]} {[%emt 00:00:41]} 51. Rf6
{[%clk 00:30:23]} {[%emt 00:00:14]} Rf5 {[%clk 00:03:15]} {[%emt 00:00:27]} 52.
Rg6 {[%clk 00:29:46]} {[%emt 00:01:07]} g3 {[%clk 00:03:39]} {[%emt 00:00:05]}
0-1

[Event "Deutsche Ländermeisterschaft 2025"]
[Site "Oer-Erkenschwick GER"]
[Date "2025.10.04"]
[Round "6"]
[White "Haug, Mara"]
[Black "Gersemann, Karl"]
[Result "1/2-1/2"]
[Termination "normal"]
[Board "4.4"]
[WhiteElo "2078"]
[BlackElo "2001"]
[WhiteClock "00:09:58"]
[BlackClock "01:01:41"]
[WhiteTeam "Baden"]
[BlackTeam "Berlin"]
[PlyCount "50"]
[WhiteFideId "16259300"]
[BlackFideId "34602186"]
[EventCountry "GER"]
[EventRounds "7"]
[EventType "team-swiss"]
[EventDate "2025.09.30"]

1. e4 {[%clk 01:30:58]} {[%emt 00:00:01]} c5 {[%clk 01:30:51]} {[%emt
00:00:10]} 2. Nf3 {[%clk 01:31:24]} {[%emt 00:00:04]} d6 {[%clk 01:31:16]}
{[%emt 00:00:04]} 3. d4 {[%clk 01:31:50]} {[%emt 00:00:04]} cxd4 {[%clk
01:31:38]} {[%emt 00:00:07]} 4. Nxd4 {[%clk 01:32:16]} {[%emt 00:00:04]} Nf6
{[%clk 01:32:04]} {[%emt 00:00:04]} 5. Nc3 {[%clk 01:32:41]} {[%emt 00:00:06]}
a6 {[%clk 01:32:30]} {[%emt 00:00:04]} 6. Bg5 {[%clk 01:33:04]} {[%emt
00:00:06]} e6 {[%clk 01:32:25]} {[%emt 00:00:35]} 7. f4 {[%clk 01:33:25]}
{[%emt 00:00:09]} b5 {[%clk 01:31:57]} {[%emt 00:00:58]} 8. e5 {[%clk
01:26:11]} {[%emt 00:07:45]} dxe5 {[%clk 01:32:07]} {[%emt 00:00:19]} 9. fxe5
{[%clk 01:21:55]} {[%emt 00:04:45]} Qc7 {[%clk 01:32:35]} {[%emt 00:00:03]} 10.
Qe2 {[%clk 01:12:12]} {[%emt 00:10:13]} Nfd7 {[%clk 01:32:59]} {[%emt
00:00:06]} 11. O-O-O {[%clk 01:08:55]} {[%emt 00:03:47]} Nc6 {[%clk 01:33:07]}
{[%emt 00:00:23]} 12. Nxc6 {[%clk 01:02:35]} {[%emt 00:06:50]} Qxc6 {[%clk
01:33:31]} {[%emt 00:00:05]} 13. Qd3 {[%clk 00:47:23]} {[%emt 00:15:42]} Bb4
{[%clk 01:23:57]} {[%emt 00:10:05]} 14. Be2 {[%clk 00:41:41]} {[%emt 00:06:10]}
Qc5 {[%clk 01:18:30]} {[%emt 00:05:58]} 15. Qf3 {[%clk 00:28:40]} {[%emt
00:13:31]} Bxc3 {[%clk 01:01:32]} {[%emt 00:17:29]} 16. Qxa8 {[%clk 00:26:06]}
{[%emt 00:03:04]} Bxb2+ {[%clk 01:00:22]} {[%emt 00:01:42]} 17. Kxb2 {[%clk
00:25:22]} {[%emt 00:01:12]} Qxe5+ {[%clk 01:00:35]} {[%emt 00:00:17]} 18. Kb1
{[%clk 00:24:34]} {[%emt 00:01:15]} O-O {[%clk 01:00:54]} {[%emt 00:00:14]} 19.
Be7 {[%clk 00:22:27]} {[%emt 00:02:37]} Nb6 {[%clk 01:00:29]} {[%emt 00:00:55]}
20. Bxf8 {[%clk 00:14:16]} {[%emt 00:08:41]} Na4 {[%clk 01:00:53]} {[%emt
00:00:06]} 21. c3 {[%clk 00:11:29]} {[%emt 00:03:18]} Qxe2 {[%clk 01:00:29]}
{[%emt 00:00:54]} 22. Ba3 {[%clk 00:08:52]} {[%emt 00:03:07]} Nxc3+ {[%clk
01:00:43]} {[%emt 00:00:16]} 23. Kc1 {[%clk 00:09:08]} {[%emt 00:00:13]} Nxa2+
{[%clk 01:01:05]} {[%emt 00:00:09]} 24. Kb1 {[%clk 00:09:33]} {[%emt 00:00:06]}
Nc3+ {[%clk 01:01:28]} {[%emt 00:00:06]} 25. Kc1 {[%clk 00:09:58]} {[%emt
00:00:05]} Na2+ {[%clk 01:01:41]} {[%emt 00:00:17]} 1/2-1/2

[Event "Deutsche Ländermeisterschaft 2025"]
[Site "Oer-Erkenschwick GER"]
[Date "2025.10.04"]
[Round "6"]
[White "Lorenz, Veronika"]
[Black "Gusev, Daniil"]
[Result "1/2-1/2"]
[Termination "normal"]
[Board "4.5"]
[WhiteElo "1972"]
[BlackElo "1964"]
[WhiteClock "00:28:16"]
[BlackClock "00:33:18"]
[WhiteTeam "Berlin"]
[BlackTeam "Baden"]
[PlyCount "84"]
[WhiteFideId "16277406"]
[BlackFideId "55683886"]
[EventCountry "GER"]
[EventRounds "7"]
[EventType "team-swiss"]
[EventDate "2025.09.30"]

1. e4 {[%clk 01:30:59]} c5 {[%clk 01:30:54]} {[%emt 00:00:06]} 2. Nf3 {[%clk
01:31:28]} e6 {[%clk 01:31:06]} {[%emt 00:00:18]} 3. d4 {[%clk 01:31:57]}
{[%emt 00:00:01]} cxd4 {[%clk 01:31:23]} {[%emt 00:00:13]} 4. Nxd4 {[%clk
01:32:27]} a6 {[%clk 01:31:14]} {[%emt 00:00:40]} 5. Bd3 {[%clk 01:31:07]}
{[%emt 00:01:50]} Qc7 {[%clk 01:29:52]} {[%emt 00:01:51]} 6. O-O {[%clk
01:29:50]} {[%emt 00:01:48]} Nf6 {[%clk 01:27:08]} {[%emt 00:03:14]} 7. c4
{[%clk 01:25:32]} {[%emt 00:04:47]} b6 {[%clk 01:26:26]} {[%emt 00:01:12]} 8.
Nc3 {[%clk 01:25:39]} {[%emt 00:00:23]} Nc6 {[%clk 01:26:08]} {[%emt 00:00:48]}
9. Nxc6 {[%clk 01:23:10]} {[%emt 00:03:00]} dxc6 {[%clk 01:26:29]} {[%emt
00:00:09]} 10. Qe2 {[%clk 01:22:05]} {[%emt 00:01:31]} e5 {[%clk 01:26:18]}
{[%emt 00:00:45]} 11. h3 {[%clk 01:19:00]} {[%emt 00:03:35]} Bd6 {[%clk
01:22:58]} {[%emt 00:03:50]} 12. Be3 {[%clk 01:19:16]} {[%emt 00:00:14]} Nd7
{[%clk 01:10:44]} {[%emt 00:12:44]} 13. Qg4 {[%clk 01:12:53]} {[%emt 00:06:53]}
Kf8 {[%clk 01:10:14]} {[%emt 00:01:00]} 14. Qh4 {[%clk 01:09:03]} {[%emt
00:04:17]} Nc5 {[%clk 01:06:01]} {[%emt 00:04:46]} 15. Bc2 {[%clk 01:09:10]}
{[%emt 00:00:23]} Be6 {[%clk 00:55:29]} {[%emt 00:11:02]} 16. b3 {[%clk
01:09:05]} {[%emt 00:00:33]} h6 {[%clk 00:37:09]} {[%emt 00:18:51]} 17. Rad1
{[%clk 01:00:43]} {[%emt 00:08:48]} Qe7 {[%clk 00:27:46]} {[%emt 00:09:57]} 18.
Qg3 {[%clk 00:56:20]} {[%emt 00:04:49]} g5 {[%clk 00:26:31]} {[%emt 00:01:48]}
19. Bd3 {[%clk 00:44:18]} {[%emt 00:12:30]} Nxd3 {[%clk 00:17:54]} {[%emt
00:09:11]} 20. Rxd3 {[%clk 00:44:36]} {[%emt 00:00:12]} Bc7 {[%clk 00:17:40]}
{[%emt 00:00:43]} 21. f3 {[%clk 00:43:37]} {[%emt 00:01:29]} Rb8 {[%clk
00:15:41]} {[%emt 00:02:29]} 22. Qf2 {[%clk 00:42:00]} {[%emt 00:02:07]} Kg7
{[%clk 00:15:41]} {[%emt 00:00:31]} 23. Na4 {[%clk 00:40:09]} {[%emt 00:02:20]}
c5 {[%clk 00:11:26]} {[%emt 00:04:46]} 24. Nc3 {[%clk 00:39:46]} {[%emt
00:00:52]} Rhd8 {[%clk 00:10:58]} {[%emt 00:00:58]} 25. Nd5 {[%clk 00:33:12]}
{[%emt 00:07:04]} Bxd5 {[%clk 00:08:25]} {[%emt 00:03:04]} 26. exd5 {[%clk
00:29:17]} {[%emt 00:04:24]} Bd6 {[%clk 00:08:06]} {[%emt 00:00:49]} 27. Re1
{[%clk 00:28:09]} {[%emt 00:01:35]} Qd7 {[%clk 00:02:55]} {[%emt 00:05:45]} 28.
h4 {[%clk 00:26:28]} {[%emt 00:02:10]} f6 {[%clk 00:03:01]} {[%emt 00:00:25]}
29. Rd2 {[%clk 00:14:35]} {[%emt 00:12:21]} a5 {[%clk 00:01:46]} {[%emt
00:01:46]} 30. a4 {[%clk 00:14:09]} {[%emt 00:00:57]} Rh8 {[%clk 00:01:30]}
{[%emt 00:00:47]} 31. Rde2 {[%clk 00:09:38]} {[%emt 00:05:00]} Rbe8 {[%clk
00:01:03]} {[%emt 00:00:58]} 32. Bc1 {[%clk 00:09:35]} {[%emt 00:00:32]} Qf5
{[%clk 00:01:10]} {[%emt 00:00:23]} 33. Re4 {[%clk 00:08:27]} {[%emt 00:01:38]}
Kf7 {[%clk 00:01:16]} {[%emt 00:00:25]} 34. h5 {[%clk 00:03:43]} {[%emt
00:05:13]} Rhg8 {[%clk 00:01:25]} {[%emt 00:00:22]} 35. Qg3 {[%clk 00:01:09]}
{[%emt 00:03:02]} Qd7 {[%clk 00:01:29]} {[%emt 00:00:27]} 36. Bb2 {[%clk
00:00:47]} {[%emt 00:00:52]} Qf5 {[%clk 00:01:38]} {[%emt 00:00:22]} 37. Qg4
{[%clk 00:00:41]} {[%emt 00:00:35]} Qxg4 {[%clk 00:01:53]} {[%emt 00:00:16]}
38. fxg4 {[%clk 00:00:59]} {[%emt 00:00:12]} Kg7 {[%clk 00:02:14]} {[%emt
00:00:09]} 39. Rf1 {[%clk 00:01:19]} {[%emt 00:00:09]} Rgf8 {[%clk 00:02:41]}
{[%emt 00:00:03]} 40. Rf5 {[%clk 00:01:31]} {[%emt 00:00:17]} Rd8 {[%clk
00:02:45]} {[%emt 00:00:28]} 41. Kf2 {[%clk 00:29:24]} {[%emt 00:02:35]} Rde8
{[%clk 00:32:58]} {[%emt 00:00:18]} 42. Kf3 {[%clk 00:28:16]} {[%emt 00:01:38]}
Rd8 {[%clk 00:33:18]} {[%emt 00:00:10]} 1/2-1/2